| 000 | 00478nam a2200181Ia 4500 | ||
|---|---|---|---|
| 001 | 20476 | ||
| 005 | 20260306172809.0 | ||
| 008 | 260306t2022||||xx |||||||||||||| ||spa|| | ||
| 041 | _aESP | ||
| 082 |
_a343.3 _bC34 |
||
| 100 |
_aCastillo Córdova, Luis _eAUT |
||
| 245 | 0 | _aPrecedentes y doctrina jurisprudencial vinculante del Tribunal Constitucional | |
| 260 | _c2022 | ||
| 300 |
_a366 páginas : _c25 cm. |
||
| 650 | _aGEN | ||
| 654 | _aCDE | ||
| 942 |
_cLIB _dJUS _fJUS _2ddc _n |
||
| 999 |
_c20476 _d20476 |
||